Contributions to Kentucky geology; (Record no. 26056)

MARC details
000 -LEADER
fixed length control field 01049cam a22002411 4500
001 - CONTROL NUMBER
control field gs 20000461
003 - CONTROL NUMBER IDENTIFIER
control field DLC
005 - DATE AND TIME OF LATEST TRANSACTION
control field 20260227111325.0
008 - FIXED-LENGTH DATA ELEMENTS--GENERAL INFORMATION
fixed length control field 760728s1920 xx 000 0 eng
010 ## - LIBRARY OF CONGRESS CONTROL NUMBER
LC control number gs 20000461
035 ## - SYSTEM CONTROL NUMBER
System control number (OCoLC)2339545
040 ## - CATALOGING SOURCE
Original cataloging agency DLC
Transcribing agency OTU
Modifying agency DLC
042 ## - AUTHENTICATION CODE
Authentication code premarc
050 00 - LIBRARY OF CONGRESS CALL NUMBER
Classification number QE115
Item number .A25 no. 4.
100 1# - MAIN ENTRY--PERSONAL NAME
Personal name Jillson, Willard Rouse,
Dates associated with a name 1890-
245 10 - TITLE STATEMENT
Title Contributions to Kentucky geology;
Remainder of title an indexed collection of all the shorter papers and reports of the state geologist written during the year 1919 on te mineral resources of the commonwealth,
Statement of responsibility, etc. by Willard Rouse Jillson, Kentucky state geologist. Illustrated with sixty-five photographs, maps, and diagrams.
250 ## - EDITION STATEMENT
Edition statement 1st ed.
260 ## - PUBLICATION, DISTRIBUTION, ETC.
Place of publication, distribution, etc. Frankfort,
Name of publisher, distributor, etc. Department of geology and forestry,
Date of publication, distribution, etc. 1920.
300 ## - PHYSICAL DESCRIPTION
Extent xii, 266 p.
Other physical details front., illus., plates, maps, tables, diagrs.
Dimensions 24 cm.
490 0# - SERIES STATEMENT
Series statement Kentucky. Department of geology and forestry.
Volume/sequential designation Series 5, bulletin 4
650 #0 - SUBJECT ADDED ENTRY--TOPICAL TERM
Topical term or geographic name entry element Geology
Geographic subdivision Kentucky.
650 #0 - SUBJECT ADDED ENTRY--TOPICAL TERM
Topical term or geographic name entry element Mines and mineral resources
Geographic subdivision Kentucky.

No items available.

Powered by Koha